1278 1169 1741 1563 1550 1816 1031 1572 1288 1605 1956 1056 1363 1255 1242 1297 1408 1112 1621 1274 1962 1339 1538 1916 1753 1224 1954 1593 1006 1152 1099 1769 1917 1656 1556 1707 1019 1510 1958 1384 1948 1418 1891 1218 1860 1145 1821 1466 1796 1274 1052 1869 1027 1629 1805 1696 1622 1653 1125 1409 1241 1944 1470 1799 1532 1617 1053 1656 1865 1067 1298 1422 1878 1432 1947 1988 1396 1249 1341 1131 1120 1457 1233 1255 1398 1768 1085 1617 1266 1966 1891 1400 1884 1153 1697 1097 1031 1990 1668 BCNSPRNW ULIB Ver.6.0+V

เปลี่ยนเป็นภาษาไทย

Change to English
 แสดงรายละเอียดบรรณานุกรม
  กลับหน้าหลัก

Brief Record : Get Marc (ISO 2709) : E-mail record : QR code < ปิดหน้าต่าง
LEADER : 00000nam 2200000uu 4500
001    13399123217
003     ULIB
008    020711s2550 th a 000 0 tha d
020    9789748458212
090    นว.^bร111ค
100    รัมย์
245    คุณชายติดหรู vs คุณหนูติดดิน /^cรัมย์
250    พิมพ์ครั้งที่ 1
260    กรุงเทพฯ :^b1168พับลิชชิ่ง,^c2550
300    384 หน้า;^b21 ซม.
710    1168พับลิชชิ่ง
945    ^p219^l0^i20353
999    ^aทศพร เกษรทอง
รายการนี้ยังไม่มีแท็ก
คุณยังไม่ได้ล็อกอิน คุณสามารถมีกิจกรรมร่วมกับเว็บไซต์ได้ แต่ต้องล็อกอินก่อน ::
  ล็อกอิน

รายการสื่อสารสนเทศ

ลำดับที่ ประเภท เลขเรียก/บาร์โค้ด สถานที่ สถานะ
1. นวนิยาย
นวนิยาย
นว. ร111ค ฉ.1 
  Barcode: 20353
ห้องสมุดวิทยาเขตนครสวรรค์
►นวนิยาย:l:Fiction
บนชั้น

รายการใกล้เคียง
    ผู้แต่ง [รัมย์]

BibComment


ยังไม่เคยถูกคอมเมนท์

คอมเมนท์ทรัพยากรรายการนี้
  คอมเมนท์: คุณชายติดหรู vs ค..


 Copyright 2026. Bcnsprnw @Library